Stades de Bundesliga (2022-2023) - Statistiques

Statistiques générales
  • Ce quiz a été pris 90 fois
  • Le résultat moyen est 8 sur 18
Statistiques - réponses
Équipe Stade Ville Capacité % Correct
Bayern Munich Allianz Arena Munich 75 000
100%
Borussia Dortmund Signal Iduna Park Dortmund 81 359
84%
RB Leipzig Red Bull Arena Leipzig 44 345
66%
Hertha Berlin OlympiaStadion Berlin 74 475
63%
Borussia Mönchengladbach Borussia Park Mönchengladbach 54 067
57%
VfB Stuttgart Mercedes-Benz Arena Stuttgart 60 441
54%
Bayer Leverkusen BayArena Leverkusen 30 210
52%
Schalke 04 Veltins-Arena Gelsenkirchen 61 673
51%
Eintracht Francfort Commerzbank Arena Francfort 51 500
43%
VfL Wolfsburg Volkswagen Arena Wolfsburg 30 000
43%
FC Cologne RheinEnergieStadion Cologne 50 000
30%
FC Union Berlin An der Alten Försterei Berlin 22 012
28%
SC Fribourg Europa-Park Stadion Fribourg 34 700
28%
FSV Mayence 05 MEWA Arena Mayence 34 034
25%
Werder Brême Wohninvest Wesertadion Brême 42 500
18%
TSG Hoffenheim PreZero Arena Sinsheim 30 150
16%
FC Augsbourg WWK Arena Augsbourg 30 660
15%
VfL Bochum Vonovia Ruhrstadion Bochum 29 299
12%
Aucun quiz correspondant
Distribution des résultats
% des personnes avec chaque résultat
Percentile par nombre de réponses
Votre historique - résultats
Vous n’avez pas pris ce quiz